Influencia de los factores jeográficos en las operaciones militares

Gardado en:
Detalles Bibliográficos
Autor Principal: Charpin, P (Author)
Formato: Libro
Idioma:Lingua castelá
Publicado: Santiago Talleres del Estado Mayor Jeneral 1916
Subjects:
Tags: Engadir etiqueta
Sen Etiquetas, Sexa o primeiro en etiquetar este rexistro!

MARC

LEADER 00000nam a2200000 a 4500
001 UCP8028
003 CL-VaPUC
008 000106e19160000CL |||||||||||||||||spa|d
082 0 4 |a 355.4  |b CHA  |2 21 
100 0 |a Charpin, P  |e author  |9 437834 
245 1 0 |a Influencia de los factores jeográficos en las operaciones militares 
300 |a p. irreg 
942 |c BK 
945 |d 20000106 00:00:00  |a crobeson 
260 |a Santiago  |b Talleres del Estado Mayor Jeneral  |c 1916 
650 0 |a Operaciones militares  |9 372045 
650 7 |a FACTORES AMBIENTALES  |2 CL-VaPUC  |9 437835 
650 7 |a FACTORES CLIMATICOS  |2 CL-VaPUC  |9 437836 
650 7 |a HIDROGRAFIA  |2 CL-VaPUC  |9 261115 
650 7 |a OROGRAFIA  |2 CL-VaPUC  |9 267347 
650 7 |a COMUNICACIONES  |2 CL-VaPUC  |9 260778 
583 |a last modification  |c 20000106 00:00:00  |k Rodrigo Vera 
999 |c 285063  |d 285061 
952 |0 0  |1 0  |4 0  |6 355_400000000000000_CHA_1916  |7 0  |8 X  |9 329430  |a BIBHIS  |b BIBHIS  |d 2019-11-20  |i 1374486  |o 355.4 CHA 1916  |p 1374486  |r 2024-01-30  |w 2019-11-20  |y BK_X  |k HIS